000 00413nam a2200181Ia 4500
001 16979
005 20260306170351.0
008 260306t2012||||xx |||||||||||||| ||und||
041 _aESP
082 _a657.42
_bA59
100 _aAndía Valencia, Walter
_eAUT
245 0 _aManual de costos y presupuestos
260 _c2012
300 _a
_c
650 _aGEN
654 _aCCO
942 _cLIB
_dJUS
_fJUS
_2ddc
_n
999 _c16979
_d16979